000 00532nam a2200181Ia 4500
003 GCL
008 140319s9999 xx 000 0 ara d
040 _aGCL /
_cGCL
082 0 4 _a150
_bم ن
100 1 _aمحمد جلوب فرحان
245 1 0 _aالنفس الانسانية /
_cمحمد جلوب فرحان
260 _a[S.N] :
_bلجنة الاعلام والدراسات المستقبلية ،
_c1986
300 _a154 ص
490 _a
650 0 4 _aالانسان
650 0 4 _aعلم النفس
942 _2ddc
_cBK
999 _c55719
_d55719